000 00588cam a2200205 4500500
005 20260329002534.0
041 _afre
042 _adc
100 1 0 _aLegros, Martin
_eauthor
245 0 0 _aLes animaux ont-ils un visage ?
260 _c2012.
500 _a47
690 _aAnimaux
690 _aBêtes
690 _aLevinas
690 _aVinciane Despret
690 _aVisage
786 0 _nPhilosophie magazine | 64 | 11 | 2012-11-01 | p. 31-32 | 1951-1787
856 4 1 _uhttps://shs.cairn.info/magazine-philosophie-magazine-2012-11-page-31?lang=fr&redirect-ssocas=7080
999 _c1816001
_d1816001